000 00783nam a2200301 a 4500
003 AR-BaBNM
005 20251128205217.0
008 082120s2002 ||||||||||||||000 | spa||
020 _a950-511-133-9
040 _cAR-BaBNM
100 1 _aLinares, Laura
245 0 0 _aPerafán de Palos
250 _a1ª ed.
260 _aBuenos Aires
_bAlfaguara
_c1992
300 _a101 p.
_bil.
490 0 _aJuvenil
_vv. 4
500 _aContiene biografía del autor en la contratapa
650 4 _aLITERATURA INFANTIL
650 4 _aLIBROS PARA NIÑOS
650 4 _aCUENTOS DE AVENTURAS
653 _aDESCUBRIMIENTO DE AMERICA
653 _aCRONICA DE INDIAS
655 _aLITERATURA
700 1 _aWolf, Ema
700 0 _aTabaré
_eilustrador
942 _cBK
998 _claura
999 _c10469
_d10469